Statistics for Finland Immigration By Country

Click here to take the quiz!

General Stats

  • This quiz has been taken 82 times
  • The average score is 18 of 25

Answer Stats

TotalCountry% Correct
108,900Russia
100%
7,020United Kingdom
98%
33,690Sweden
96%
55,810Estonia
91%
5,770Latvia
88%
15,670China
86%
7,410Germany
86%
14,500Poland
86%
9,880India
84%
47,070Ukraine
84%
22,460Syria
80%
10,790Iran
71%
52,340Iraq
71%
10,500Turkey
70%
20,410Afghanistan
68%
6,300Pakistan
68%
6,870Romania
68%
13,290Vietnam
61%
18,700Serbia
57%
9,130Thailand
54%
35,700Somalia
50%
5,080Nigeria
48%
7,390Philippines
48%
29,350Croatia
43%
12,300Bosnia and Herzegovina
38%

Score Distribution

Percentile by Number Answered

Percent of People with Each Score

Your Score History

You have not taken this quiz